Sweden National Team All-Time XI - Statistics

General Stats
  • This quiz has been taken 85 times
  • The average score is 5 of 13
Answer Stats
Position Period Player % Correct
FW 2001-23 Zlatan Ibrahimović
97%
FW 1993-2009 Henrik Larsson
85%
MF 1964-78 Bo Larsson
82%
12th player 1998-2008 Freddie Ljungberg
55%
FW 1942-58 Gunnar Nordahl
51%
MF 1947-58 Nils Liedholm
30%
GK 1968-80 Ronnie Hellström
23%
Coach 1991-97 Tommy Svensson
23%
MF 1953-65 Kurt Hamrin
17%
DF 1981-90 Glenn Hysén
14%
DF 1963-78 Björn Nordqvist
8%
DF 1938-52 Erik Nilsson
4%
DF 1951-65 Orvar Bergmark
3%
No matching quizzes found
Score Distribution
Percent of People with Each Score
Percentile by Number Answered
Your Score History
You have not taken this quiz